02276nam a22002897a 4500003000400000005001700004008004100021020001800062040001300080041000800093082001800101100004400119245009400163250002300257264005800280300008900338490008300427500108200510504004101592521004101633650005301674650004001727650003301767942001201800999001701812952015701829OSt20231127182012.0221116s2022 ck ad er 000 0 spa d a9789586657433 cCO-MqBPB0 aspa04a614.581bT39s1 aTizón, Jorge L.d1946-eautor922699710aSalud emocional en tiempos de crisis;bReflexiones desde una pandemia /cJorge L. Tizón aEdición especial 1aBogotá, Colombia;bSiglo del Hombre Editores,c2022 a183 páginas,bTapa Rústica, Ilustraciones, gráficas en blanco y negro,c21 cm.0 aPlan Nacional de Lectura y Escritura Leer es mi Cuento / Ministerio de Cultura aEsta obra intenta aproximarnos a la comprensión de lo que nos está pasando a nivel psicológico como protagonistas de una crisis: la derivada de la pandemia de la COVID-19. Más allá del miedo, las emociones que se mueven en una crisis como esta abarcan un espectro más amplio. ¿Cuáles son las demás emociones que nos invaden y qué papel están desempeñando? ¿Cómo podemos gestionar esta crisis y las que vendrán a nivel emocional, a nivel de recursos sanitarios y de salud mental, a nivel de cuidados comunitarios y comunitaristas? El impacto mundial de esta pandemia es tan nuevo y tan inesperado que no sabemos por dónde irán los acontecimientos. Lo único que sabemos es que no serán como habíamos previsto, como esperábamos o como lo hubiéramos deseado antes de que sucediera. Lo único que puede decirse con seguridad de las crisis… es que habrá más. Este libro intenta ayudar a repensar el futuro a los futuros posibles. Vamos a necesitar salud, apoyo mutuo y creatividad para que el camino hacia el cambio sea esperanzador.  aIncluye referencias bibliográficas aRecomendado para un público adulto17aEpidemiasxAspectos psicológicos2LEMB922212917aCOVID-19 (Enfermedad)2LEMB922213017aSalud pública2LEMB911707 2ddccBK c15307d15307 00102ddc40708GENaBPMOSbBPMOScGENd2023-11-27eDotación BNC 2023iNTl0o614.581 T39spMOS503505r2023-11-27tEj. 1w2023-11-27yBKzOcho días